Το θέατρο στην εκπαίδευση : καλλιτεχνική έκφραση και παιδαγωγία
Αποθηκεύτηκε σε:
| Κύριος συγγραφέας: | |
|---|---|
| Μορφή: | Βιβλίο |
| Γλώσσα: | Greek |
| Δημοσίευση: |
Ζεφύρι Ατικής :
Διάδραση,
2014.
|
| Θέματα: | |
| Ετικέτες: |
Προσθήκη ετικέτας
Δεν υπάρχουν, Καταχωρήστε ετικέτα πρώτοι!
|
MARC
| LEADER | 00000cam a2200000 i 4500 | ||
|---|---|---|---|
| 001 | 1/63363 | ||
| 008 | 150114s2014 gr ||| | gre|| | ||
| 020 | |a 9786185059293 | ||
| 035 | |l 10120399 | ||
| 040 | |a GR-MY-UA |b gre |e aacr | ||
| 041 | 0 | |a gre | |
| 082 | 7 | |a 372.66 |2 (23) | |
| 100 | 1 | |a Γραμματάς, Θόδωρος Α., |d 1951- | |
| 245 | 1 | 3 | |a Το θέατρο στην εκπαίδευση : |b καλλιτεχνική έκφραση και παιδαγωγία / |c Θόδωρος Γραμματάς. |
| 260 | |a Ζεφύρι Ατικής : |b Διάδραση, |c 2014. | ||
| 300 | |a 587 σ. ; |c 25 εκ. | ||
| 504 | |a Περιλαμβάνει βιβλιογραφικές παραπομπές. | ||
| 650 | 0 | 0 | |a Drama in education. |
| 650 | 0 | 0 | |a Theater |x Study and teaching. |
| 650 | 0 | 0 | |a Drama |x Study and teaching. |
| 852 | |a INST |b LESVOS |c EUDOXUS |e 20170818 |h 372.66 ΓΡΑ |p 005100059466 |q 005100059466 |t EDX |y 0 | ||
| 852 | |a INST |b RHODES |c EUDOXUS |e 20150114 |h 372.66 ΓΡΑ |p 005400037427 |q 005400037427 |t EDX |y 4 |x 20211123 | ||
| 852 | |a INST |b RHODES |c EUDOXUS |e 20151218 |h 372.66 ΓΡΑ |p 005400038145 |q 005400038145 |t EDX |y 4 |x 20211122 | ||
| 852 | |a INST |b RHODES |c EUDOXUS |e 20211118 |h 372.66 ΓΡΑ |p 005400042393 |q 005400042393 |t EDX |y 0 | ||
| 901 | |a BIBL4-2015-1 | ||
| 909 | |a Ρ |b 183747 | ||
| 920 | |a Εύδοξος |b Επιστροφή |y Ρόδος |z 2021-11 | ||
| 920 | |a Εύδοξος |b Παραγγελία |y Ρόδος-ΠΤΔΕ |z 2014-12 | ||
| 920 | |a Εύδοξος |b Επιστροφή |y Ρόδος |z 2015-12 | ||
| 920 | |a Εύδοξος |b Επιστροφή Ρόδος |y Λέσβος |z 2017-05 | ||
| 970 | |z 2015/01/14 | ||